000 00557nam a2200193Ia 4500
999 _c3557
_d3557
003 OSt
005 20200819094120.0
008 190216s9999||||xx |||||||||||||| ||und||
020 _a9788131733417
040 _coclc
082 _a540.76
_bBOI/H
100 _a Boikess, Robert
_94200
245 0 _aHow To Solve General Chemistry Problems /
_cRobert Boikess
250 _a8th Ed.
260 _bPearson Education Asia,
_c2010.
_aNew Delhi:
300 _a325p
650 _aChemistry
942 _cBK
_2ddc
_h540.76
_iBOI/H
_k540.76
_mBOI/H